Canada or Russia? - Statistics

General Stats
  • This quiz has been taken 117 times
    29 since last reset
  • The average score is 11 of 15
Answer Stats
Question Answer % Correct
Is further north (northernmost point) Canada
100%
Has a bigger area Russia
100%
Has more colours in its flag Russia
100%
Has nuclear arms Russia
100%
Has a higher oil production Russia
100%
Had the coldest temperature recorded Russia
100%
Drinks more alcohol per capita Russia
100%
Has won more gold medals at ice hockey world championships Canada
75%
Is more densely populated Russia
75%
Has more polar bears Canada
50%
Gets more google hits Canada
50%
Has a higher gun ownership by capita (2017 estimate) Canada
50%
Has won more gold medals at Olympic winter games Russia (including Soviet Union, Unified Team, ROC, OAR)
50%
Has a higher unemployment rate Canada
0%
Has a higher GDP (2022) Russia
0%
No matching quizzes found
Score Distribution
Percent of People with Each Score
Percentile by Number Answered
Your Score History
You have not taken this quiz since the last reset